Parts of a car engine - Statistics

General Stats
  • This quiz has been taken 904 times
  • The average score is 3 of 15
Answer Stats
Hint Answer % Correct
cam
64%
crank
61%
block
48%
pistons
37%
intake
32%
heads
10%
oil pump
10%
carburetor
9%
timing chain
8%
piston rings
6%
distributor
5%
lifters
5%
piston rods
4%
exhaust valves
2%
intake valves
2%
No matching quizzes found
Score Distribution
Percent of People with Each Score
Percentile by Number Answered
Your Score History
You have not taken this quiz